000 00342nam a2200145Ia 4500
008 230711s9999||||xx |||||||||||||| ||und||
041 _aENG
082 _a671
_bJU-M
100 _aJut Hermann
245 0 _aMetal tables
250 _a1st
260 _c1966
_aNew Delhi
_bWiley Eastern Limited
650 _aMechanical Engineering
942 _cBK
999 _c1147
_d1147